| 000 | 00557nam a2200229Ia 4500 | ||
|---|---|---|---|
| 003 | OSt | ||
| 005 | 20220912144334.0 | ||
| 006 | a|||||r|||| 00| 0 | ||
| 007 | ta | ||
| 008 | 220909b |||||||| |||| 00| 0 eng d | ||
| 020 | _aSL01534486 | ||
| 024 | _a180515 | ||
| 037 | _cTextual | ||
| 040 |
_aCSL _beng _cCSL |
||
| 041 | _aeng | ||
| 082 | _aB2T, P3;P9;1 | ||
| 100 | _aSharma JK | ||
| 245 | 0 | _aOperations research:theory and application | |
| 700 | _aSharma JK | ||
| 942 |
_hB2T, P3;P9;1 _cTEXL _2CC |
||
| 999 |
_c5355 _d5355 |
||